000 00881nji a22002417a 4500
005 2010090808578.0
006 a|||||r|||||00| 0
007 sd ammalaaahaa
008 100830t xxu||||| |||| 00| 0 eng d
028 _aWB.6026
_bThe Cascades
035 _aGR-01362
040 _aSED
_cSED
100 _917455
_aJohn-Cummoe
245 _aRhythm of the rain /
_cby John-Cummoe; arranged by Perry Botkin
_h[sound recording] :
260 _aIndia
_bThe Cascades
_c1962
300 _a1 sound disc [Gramophone Recording]:
_banalog, 33 1/3 rpm
_c9.5 in. (MP)
_fGramophone Record
500 _aBrief Record
505 _aSide-2 (Let me be) (Chandier-devorzon)
650 _aClassical music
_zIndia
_91186
_xExcerpts
700 _aBotkin, Perry
_918922
942 _2ddc
_cGR
999 _c44483
_d44483